Propuesta para el establecimiento de la comisión centroamericana de coordinación en investigación e información en vivienda y asentamientos humanos

محفوظ في:
التفاصيل البيبلوغرافية
مؤلف مشترك: Comisión Coordinadora de Investigación en Vivienda y Asentamientos Humanos
التنسيق: نص
منشور في: San José: Sector de Vivienda y Asentamientos Humanos
الوسوم: إضافة وسم
لا توجد وسوم, كن أول من يضع وسما على هذه التسجيلة!

MARC

LEADER 00000 a a2200000 04500
001 15073
003
040
090 |a 027900  
110 |a Comisión Coordinadora de Investigación en Vivienda y Asentamientos Humanos  
245 |a Propuesta para el establecimiento de la comisión centroamericana de coordinación en investigación e información en vivienda y asentamientos humanos  
260 |a San José:   |b Sector de Vivienda y Asentamientos Humanos  
300 |a 62 p  
999 |c 462  |d 462